Delincuencia organizada: antecedentes y regulación penal en México (Registro nro. 4931)

Detalles MARC
000 -Cabecera
Campo de control de longitud fija 00692aam a2200253 4500
005 - Fecha y hora de la última transacción
Campo de control 20260304155244.0
008 - Elementos de longitud fija--Información general
Campo de control de longitud fija 150421b2005 xxu||||| |||| 00| 0 spa d
020 ## - International Standard Book Number
Número Internacional Estándar del Libro (ISBN) 9700756882
041 ## - Idioma
Código de idioma Español
082 ## - Clasificación Decimal Dewey
Número de clasificación 364.106 G216d4
100 ## - Entrada principal--Autor personal
Nombre personal García Ramírez, Sergio
9 (RLIN) 14307
245 ## - Título propiamente dicho
Título Delincuencia organizada: antecedentes y regulación penal en México
260 ## - Pie de imprenta
Lugar de publicación, distribución, etc. México
260 ## - Pie de imprenta
Nombre del editor, distribuidor, etc. Editorial Porrúa
260 ## - Pie de imprenta
Fecha de publicación, distribución, etc. 2005
300 ## - Descripción física
Extensión 427 páginas
490 ## - Serie
Título de la Serie Investigación Criminal
650 ## - Materia general
Temática (materia general) CRIMINALIDAD
650 ## - Materia general
Temática (materia general) CRIMEN ORGANIZADO
650 ## - Materia general
Temática (materia general) DELINCUENCIA ORGANIZADA
650 ## - Materia general
Temática (materia general) REALIZACIÓN DEL DELITO
650 ## - Materia general
Temática (materia general) NARCOTRÁFICO
942 ## - Punto de acceso adicional KOHA
Tipo de ítem KOHA Libro
Fuente del sistema de clasificación o colocación Dewey Decimal Classification
Existencias
Signatura completa Código de barras Programa Académico Tipo de ítem
364.106 G216d4 3460 Investigación Criminal Libro